| 000 | 01032nam a2200277Ia 4500 | ||
|---|---|---|---|
| 003 | OSt | ||
| 005 | 20221005104209.0 | ||
| 006 | a|||||r|||| 00| 0 | ||
| 007 | ta | ||
| 008 | 221004b |||||||| |||| 00| 0 hin d | ||
| 020 |
_a9788183152501 (hbk) _c600 |
||
| 024 | _a23677 | ||
| 037 |
_b215, 15/12/2015, Vidyanidhi Prakashan _cTextual |
||
| 040 |
_aCRL _cCRL _bhin |
||
| 041 |
_2hin _ahin |
||
| 082 | _aQ4, 152P6.8 | ||
| 100 |
_aशर्मा, सत्य प्रकाश, संपा. _9160723 |
||
| 245 | 0 | _aबौद्ध प्रज्ञा - सिन्धु | |
| 246 | _aBauddha prajnyā - sindhu | ||
| 260 |
_aदिल्ली _bन्यू भारतीय बुक कॉरपोरेशन भारत _c2014 |
||
| 300 |
_a193पृ0 _ccm. |
||
| 490 | _vखण्ड - 8 | ||
| 650 | _aधर्म | ||
| 942 |
_hQ4, 152P6.8 _cTEXL _2cc |
||
| 999 |
_c1012002 _d1012002 |
||